Strašidla a pohádkové bytosti : čtyři projekty předškolní výchovy v MŠ /
Uloženo v:
| Hlavní autor: | |
|---|---|
| Další autoři: | |
| Médium: | Kniha |
| Jazyk: | Czech |
| Vydáno: |
Praha :
Portál,
2005
|
| Vydání: | Vyd. 1. |
| Témata: | |
| Celkem bylo vypůjčeno: | 0x |
| Tagy: |
Žádné tagy |
| LEADER | 01563cam a2200409 a 4500 | ||
|---|---|---|---|
| 001 | 96869 | ||
| 003 | CZ PrNK | ||
| 005 | 20220103151545.0 | ||
| 007 | ta | ||
| 008 | 050324s2005 xr afg e f 000 0 cze | ||
| 015 | |a cnb001490547 | ||
| 020 | |a 8071788228 |c Kč 199,00 | ||
| 040 | |a ABA001 |b cze |d BOA001 |d ABA001 |e aacr2 | ||
| 072 | 7 | |a 373.2/.3 |x Předškolní a primární výchova a vzdělávání |2 Konspekt |9 22 | |
| 080 | |a 373.2 |2 MRF | ||
| 080 | |a 373.24 |2 MRF | ||
| 080 | |a 37.091.33-026.15 |2 MRF | ||
| 080 | |a (072) |2 MRF | ||
| 100 | 1 | |a Marcinko, Leona |7 pna2005280986 |4 aut |9 112832 | |
| 245 | 1 | 0 | |a Strašidla a pohádkové bytosti : |b čtyři projekty předškolní výchovy v MŠ / |c Leona Marcinko |
| 250 | |a Vyd. 1. | ||
| 260 | |a Praha : |b Portál, |c 2005 | ||
| 300 | |a 175 s., [8] s. barev. obr. příl. : |b il., noty ; |c 23 cm | ||
| 500 | |a Písničky Leona Marcinko a Pavla Srnská | ||
| 650 | 0 | 7 | |a předškolní výchova |7 ph124887 |2 czenas |9 1582 |
| 650 | 0 | 7 | |a mateřské školy |7 ph122683 |2 czenas |
| 650 | 0 | 7 | |a tvořivé hry |7 ph126810 |2 czenas |9 1626 |
| 650 | 0 | 9 | |a preschool education |2 eczenas |
| 650 | 0 | 9 | |a kindergartens |2 eczenas |
| 650 | 0 | 9 | |a creative games |2 eczenas |
| 655 | 7 | |a metodické příručky |7 fd132826 |2 czenas |9 53711 | |
| 655 | 9 | |a methodological manuals |2 eczenas | |
| 700 | 1 | |a Srnská, Pavla |7 jx20050624030 |4 ctb |9 112833 | |
| 910 | |a UOG502 | ||
| 942 | |2 ddc |c KN | ||
| 999 | |d 96869 | ||
| 993 | |0 0 |1 421180097253 |2 ddc |4 0 |6 37_000000000000000 |7 0 |9 85886 |b 0 |c 97253 |d 2022-01-03 |e 0 |f DOSP |g 37 |h 199.00 |i Koupě |l DOSP |r 2022-01-03 |t 5 |w 2022-01-03 |y KN |z NAUCNA | ||